000 00482nam a2200193Ia 4500
005 20231202094949.0
008 131103s9999 xx 000 0 und d
040 _aLoreto College
041 _aEnglish
082 _a759.942
_bROT
100 _aRotheusteins,John
245 _aModern English Painting
_cJohn Rotheustein
260 _a[s.l.]
_b[s.n.]
_c[19 - ?]
300 _a96 p.
_b illus.
504 _aIncludes index
650 _aPainting
850 _aLCLIB
942 _cBK
999 _c17443
_d67922